000 00302nam a22001337a 4500
008 170629b xxu||||| |||| 00| 0 eng d
020 _a9780316082778
041 _aeng
080 _26 ED
_a82
100 _a22
101 _aGJL
245 _aBARTLES FAMILIAR QUTIONS
_cBARLETT.J
942 _2udc
_cBK
999 _c19635
_d19635